000 00317nam a2200133Ia 4500
005 20251222141941.0
008 251222s9999||||xx |||||||||||||| ||spa||
082 _a155.4/H96
100 _aHurlock, Elizabeth B.
245 0 _aDesarrollo Psicologico del NiƱo
250 _a4a.ed.
264 _bCastillo
942 _cLIB
999 _c9375
_d9375